000 00764nam a2200241 i 4500
001 1302286
003 OSt
005 20230717101356.0
008 780309s1976 ug b 000 0 eng
010 _a 76980664
040 _aDLC
_cDLC
_dDLC
043 _af-ke---
_af-tz---
082 0 0 _a370.1
_bSIF
100 1 _aSifuna, D. N.,
_d1944-
245 1 0 _aVocational education in schools :
_ba historical survey of Kenya and Tanzania /
_cD. N. Sifuna.
260 _aKampala :
_bEast African Literature Bureau,
_c1976.
300 _a200 p. ;
_c22 cm.
504 _aIncludes bibliographical references.
650 0 _aVocational education
_zKenya.
650 0 _aVocational education
_zTanzania.
906 _a7
_bcbc
_corignew
_d4
_encip
_f19
_gy-gencatlg
942 _2ddc
_cBK
999 _c3977
_d3977